| 000 | 00328cam a2200109ua 4500 | ||
|---|---|---|---|
| 082 |
_a621.47 _bBEG/PE |
||
| 100 |
_aBeghi, G . _91475 |
||
| 245 | _aPerformance of Solar Energy Converters: Thermal Collectors and Photovolatile Cells / | ||
| 260 |
_aLondon : _bReidel Publishing Company , _c1983. |
||
| 300 | _a527 ; . | ||
| 942 | _cREF | ||
| 999 |
_c9865 _d9865 |
||